Intendencias del Virreinato del Perú en 1810 en un Mapa - Estadísticas

Estadísticas generales
  • Esta prueba ha sido intentada 51 veces
  • La puntuación promedio es 6 de 12
Respuestas en el mapa
Las respuestas están codificadas por una escala verde-roja en el mapa de la prueba según el % correcto abajo.
 
Estadísticas de respuestas
Respuesta % Correcto
Lima
100%
Cusco
78%
Arequipa
70%
Guayaquil
65%
Trujillo
62%
Puno
51%
Chiloé
38%
Huancavelica
38%
Maynas
27%
Huamanga
24%
Tarma
24%
Paposo
14%
No se encontraron pruebas coincidentes
Distribución de puntuación
Porcentaje de gente con cada puntuación
Porcentaje por número respondido
Historial de tus puntuaciones
No has intentado esta prueba.